Makroekonomický vývoj SR do apríla 2007

Charakteristika makroekonomického vývoja Slovenskej republiky.

Enregistré dans:
Détails bibliographiques
Auteur principal: Chajdiak, Jozef
Format: Chapitre de livre
Langue:slovaque
Sujets:
Tags: Ajouter un tag
Pas de tags, Soyez le premier à ajouter un tag!

MARC

LEADER 00000naa$a2200000$$$4500
001 0058761
005 20220715093719.8
041 0 |a slo 
044 |a SK 
245 1 0 |a Makroekonomický vývoj SR do apríla 2007  |c Jozef Chajdiak 
520 |a Charakteristika makroekonomického vývoja Slovenskej republiky. 
610 2 0 |a vývoj hospodársky 
610 2 0 |a Slovensko 
610 2 0 |a inflácia 
610 2 0 |a kurz menový 
610 2 0 |a zamestnanosť 
610 2 0 |a obchod zahraničný 
100 1 |a Chajdiak, Jozef